[Event "Cambridge op 3rd"]
[Site "Cambridge"]
[Date "2025.05.31"]
[Round "9"]
[White "Cole, James"]
[Black "Udovenko, Daniel"]
[Result "1-0"]
[WhiteElo "1972"]
[BlackElo "2160"]
[PlyCount "151"]
[EventDate "2025.05.26"]
[EventType "tourn"]
[EventRounds "9"]
[EventCountry "ENG"]
[SourceTitle "CB23_2025"]
[SourceDate "2025.06.04"]
[SourceVersion "1"]
[SourceVersionDate "2025.06.04"]
[SourceQuality "1"]

1. d4 Nf6 2. c4 g6 3. g3 Bg7 4. Bg2 0-0 5. Nc3 d6 6. Nf3 Bf5 7. Nh4 Bc8 8. 0-0 Nc6 9. Nf3 e5 10. dxe5 dxe5 11. Qxd8 Rxd8 12. Bg5 h6 13. Bxf6 Bxf6 14. Nd5 Kg7 15. Nxc7 Rb8 16. e4 Be7 17. Nd5 Bc5 18. Rab1 a5 19. a3 a4 20. Nc3 Ra8 21. Rfd1 Rxd1+ 22. Rxd1 b6 23. h3 Be6 24. Bf1 f6 25. Nb5 Rc8 26. Kg2 Be7 27. Nc3 Ra8 28. Rd2 Bc5 29. Be2 h5 30. Nd5 Ra7 31. Ne1 Na5 32. Rc2 Nb3 33. Nf3 Bf7 34. Bd1 Be8 35. Ne1 Bd4 36. Nd3 Bd7 37. Re2 Na5 38. Rc2 Nb7 39. f3 Nc5 40. Nxc5 bxc5 41. Nb6 Be8 42. Rd2 Ra6 43. Nd5 Bc6 44. Nc7 Rb6 45. Ne6+ Kg8 46. Nxd4 exd4 47. Be2 Rb3 48. Bd3 Kf7 49. Kf2 Bd7 50. Kg2 Bc6 51. Kf2 Ke6 52. f4 f5 53. exf5+ gxf5 54. h4 Be4 55. Be2 Bb1 56. Bxh5 d3 57. Be8 Bc2 58. Bxa4 Rxb2 59. h5 Kf6 60. Ke3 Ra2 61. Bd7 Rxa3 62. h6 Ra8 63. h7 Rh8 64. Rh2 Bb1 65. Kd2 Kg6 66. g4 fxg4 67. Bxg4 Kg7 68. Bf5 Ba2 69. Bxd3 Bb3 70. Kc3 Ba4 71. Rh5 Be8 72. Rxc5 Bg6 73. Rc7+ Kf6 74. Rc6+ Ke7 75. Rxg6 Rxh7 76. Re6+ 1-0

[Event "BCF-chT2 2425 (4NCL)"]
[Site "England"]
[Date "2024.11.24"]
[Round "2.16"]
[White "Udovenko, Daniel"]
[Black "Lam, Paul GM"]
[Result "1/2-1/2"]
[WhiteElo "1941"]
[BlackElo "2115"]
[PlyCount "61"]
[EventDate "2024.11.23"]
[EventType "team-tourn"]
[EventRounds "11"]
[EventCountry "ENG"]
[SourceTitle "CB48_2024"]
[SourceDate "2024.11.28"]
[SourceVersion "1"]
[SourceVersionDate "2024.11.28"]
[SourceQuality "1"]
[WhiteTeam "Oxford"]
[BlackTeam "Warwicks Select"]
[WhiteTeamCountry "ENG"]
[BlackTeamCountry "ENG"]

1. d4 Nc6 2. d5 Ne5 3. f4 Ng6 4. e4 e6 5. dxe6 dxe6 6. Qxd8+ Kxd8 7. Nc3 a6 8. Bd2 Bd7 9. a3 Bc5 10. 0-0-0 Nf6 11. Nh3 Ke7 12. g3 Ng4 13. Bg2 Ne3 14. Bxe3 Bxe3+ 15. Kb1 Rhd8 16. e5 Rab8 17. Rd3 Ba7 18. Rhd1 Ke8 19. Ng5 Nf8 20. Be4 h6 21. Nf3 Bc5 22. g4 Be7 23. Re1 c5 24. f5 b5 25. h4 b4 26. Na2 c4 27. Rd4 bxa3 28. Rxc4 Rxb2+ 29. Ka1 Bb5 30. Rc3 Nd7 31. fxe6 1/2-1/2